000 00870nam a2200265Ia 4500
003 OSt
005 20220923215354.0
006 a|||||r|||| 00| 0
007 ta
008 220922b |||||||| |||| 00| 0 hin d
024 _a178,166
037 _cTextual
040 _aARTS
_cARTS
_bhin
041 _2hin
_ahin
082 _aO152,1I80w, N0-;2
100 _aश्रीवास्तव, परमानन्द
245 0 _aजायसी
246 _aJāyasī
250 _aसंस्क0 2
260 _aनई दिल्ली
_b साहित्य अकादमी
_c1990
300 _a65 पृ.
_ccm.
490 _aभारतीय साहित्य के निर्माता
942 _hO152,1I80w, N0-;2
_cTEXL
_2CC
999 _c331548
_d331548